Prínosy a riziká integrovaného dohľadu nad finančným trhom

Koncepcia integrovaného dohľadu nad finančným trhom v SR, od 1. januára 2006 ho bude vykonávať NBS. Súčasťou integrovaného dohľadu nad finančným trhom bude: bankový dohľad, dohľad nad kapitálovým trhom a poisťovníctvom, dohľad nad subjektami kapitalizačného piliera povinného dôchodkového poistenia a...

Descrizione completa

Salvato in:
Dettagli Bibliografici
Autore principale: Pastoráková, Erika, 1972-
Natura: Capitolo di libro
Lingua:slovacco
Soggetti:
Tags: Aggiungi Tag
Nessun Tag, puoi essere il primo ad aggiungerne!!

MARC

LEADER 00000naa$a2200000$$$4500
001 0047681
005 20240502071541.5
041 0 |a slo 
044 |a SK 
245 1 0 |a Prínosy a riziká integrovaného dohľadu nad finančným trhom  |c Erika Pastoráková 
520 |a Koncepcia integrovaného dohľadu nad finančným trhom v SR, od 1. januára 2006 ho bude vykonávať NBS. Súčasťou integrovaného dohľadu nad finančným trhom bude: bankový dohľad, dohľad nad kapitálovým trhom a poisťovníctvom, dohľad nad subjektami kapitalizačného piliera povinného dôchodkového poistenia a nad subjektami doplnkového sporenia, ktoré vzniknú transformáciou súčasných doplnkových dôchodkových poisťovní, regulácia finančného trhu. Integračné pozitíva. Možné riziká integrovaného dohľadu. 
610 2 0 |a trh finančný 
610 2 0 |a dohľad bankový 
610 2 0 |a integrácia 
610 2 0 |a banky centrálne 
610 2 0 |a Slovensko 
100 1 |a Pastoráková, Erika, 1972-